Manual de plantación de vides
Saved in:
| Main Authors: | , , |
|---|---|
| Andre forfattere: | |
| Format: | Bog |
| Sprog: | spansk |
| Udgivet: |
Santiago
INIA
1978
|
| Udgivelse: | 2a. ed |
| Serier: | Boletin Divulgativo, 16
|
| Fag: | |
| Tags: |
Tilføj Tag
Ingen Tags, Vær først til at tagge denne postø!
|
MARC
| LEADER | 00000nam a2200000 a 4500 | ||
|---|---|---|---|
| 001 | UCG2044 | ||
| 003 | CL-VaPUC | ||
| 008 | 100610e19780800CL |||||||||||||||||spa|d | ||
| 082 | 0 | 4 | |a 634.88 |b LAV |2 21 |
| 100 | 1 | |a Lavín Acevedo, Arturo |e autor |9 530488 | |
| 700 | |a Muñoz Honorato, Iván |e autor |9 530490 | ||
| 700 | 0 | |a Sepúlveda R., Gonzalo |e author |9 550253 | |
| 700 | 0 | |a Valenzuela B., Jorge |e author |9 550254 | |
| 245 | 1 | 0 | |a Manual de plantación de vides |
| 250 | |a 2a. ed | ||
| 300 | |a 11 p | ||
| 942 | |c BK | ||
| 945 | |d 20100610 00:00:00 |a dcastane | ||
| 260 | |a Santiago |b INIA |c 1978 | ||
| 650 | 0 | |a Plantación de vides |9 403039 | |
| 650 | 7 | |a LABRANZA DE SUELOS |2 CL-VaPUC |9 550255 | |
| 650 | 7 | |a CLIMAS |2 CL-VaPUC |9 357732 | |
| 583 | |a last modification |c 20100610 00:00:00 |k Rodrigo Vera | ||
| 490 | 0 | |a Boletin Divulgativo, 16 | |
| 999 | |c 341286 |d 341284 | ||
| 952 | |0 0 |1 0 |4 0 |6 634_880000000000000_LAV_1978 |7 0 |8 A |9 436664 |a BIBAGR |b BIBAGR |d 2019-11-22 |i 4684230 |o 634.88 LAV 1978 |p 4684230 |r 2025-01-20 |w 2019-11-22 |y BK |k AGR | ||